Statistics for Famous South Americans by Picture

Click here to take the quiz!

General Stats

  • This quiz has been taken 75 times
  • The average score is 10 of 16

Answer Stats

Answer% Correct
Pope Francis
94%
Che Guevara
92%
Pelé
92%
Shakira
91%
Lionel Messi
88%
Eva Peron
72%
Neymar
69%
Pablo Escobar
64%
Gisele Bündchen
58%
Luis Suárez
56%
Ayrton Senna
48%
Jair Bolsonaro
42%
Nicolás Maduro
39%
Gabriel García Márquez
34%
Alberto Fujimori
28%
Juan Martin Del Potro
25%

Score Distribution

Percentile by Number Answered

Percent of People with Each Score

Your Score History

You have not taken this quiz